Jukolan viestin voittajat 2000-2024 - Statistics

Yleistilastot
  • Tätä visaa on pelattu 53 kertaa
    34 viimeisimmän päivityksen jälkeen
  • Keskiarvotulos 19 / 24
Vastaustilastot
Kilpailu Joukkue Maa % Oikein
Kangasala-Jukola 2019 Stora Tuna OK Ruotsi
100%
Napapiiri-Jukola 2021 Stora Tuna OK Ruotsi
100%
Lukkari-Jukola 2022 Stora Tuna OK Ruotsi
100%
Porvoo - Borgå -Jukola 2023 Stora Tuna OK Ruotsi
100%
Lakia-Jukola 2024 Stora Tuna OK Ruotsi
100%
Jämi-Jukola 2004 Kalevan Rasti Suomi
95%
Sippu-Jukola 2005 Kalevan Rasti Suomi
95%
Virkiä-Jukola 2007 Kalevan Rasti Suomi
95%
Valio-Jukola 2012 Kalevan Rasti Suomi
95%
Jämsä-Jukola 2013 Kalevan Rasti Suomi
95%
Kuopio-Jukola 2014 Kalevan Rasti Suomi
95%
Jukola-2000 Halden SK Norja
82%
Jukola-2003 Halden SK Norja
82%
Kytäjä-Jukola 2010 Halden SK Norja
82%
Salpa-Jukola 2011 Halden SK Norja
82%
Joensuu-Jukola 2017 IFK Göteborg Ruotsi
77%
Lappee-Jukola 2016 Koovee Suomi
77%
Lahti - Hollola -Jukola 2018 Koovee Suomi
77%
Salo-Jukola 2006 Vehkalahden Veikot Suomi
59%
Nikkari-Jukola 2001 Turun Suunnistajat Suomi
55%
Tampere-Jukola 2008 Delta Suomi
45%
Mikkeli-Jukola 2009 Kristiansand OK Norja
41%
Louna-Jukola 2015 Kristiansand OK Norja
41%
Asikkala-Jukola 2002 Bækkelagets SK Norja
32%
Ehtoja vastaavia visoja ei löytynyt
Tulosjakauma
Jokaisen tuloksen saaneiden osuus
Persentiili vastausten määrän mukaan
Tuloshistoriasi
Et ole pelannut tätä visaa sen viimeisimmän päivityksen jälkeen